00397nam a2200157Ia 4500008004100000041000800041082001900049100001900068245003300087250000900120260003300129300001000162650003300172650001700205700001700222260407s2025 xx 000 0 und d aeng a612/BHIb12335 aDR. S.B. BHISE aHUMAN ANATOMY AND PHYSIOLOGY a13TH aPUNEbNIRALI PRAKASHANc2025 a9.24p aHUMAN ANATOMY AND PHYSIOLOGY aPHARMACOLOGY aDR.AV. YADAV